La canción del manzano / (Registro nro. 12505)

Detalles MARC
000 -LIDER
fixed length control field 00899nam a22002777a 4500
003 - IDENTIFICACDOR DE NÚMERO DE CONTROL
control field DO-SdBNP
005 - DATE AND TIME OF LATEST TRANSACTION
control field 20180216142646.0
008 - ELEMENTOS DE LONGITUD FIJA
fixed length control field 160718 1990 sp a spa d
020 ## - ISBN
International Standard Book Number 8434817233
040 ## - FUENTE DE CATALOGACIÓN
Agencia que crea de manera original el registro BPMSU
Idioma de catalogación spa
Agencia que realiza la transcripción BPMSU
082 04 - NÚMERO DE CLASIFICACIÓN DECIMAL DE DEWEY
Classification number xxxxxx
Item number xxxxxx
100 1# - ASIENTO PRINCIPAL -- NOMBRE PERSONAL
Nombre personal Seifert, Jaroslav
Fechas asociadas con el nombre 1901-
245 13 - MENCIÓN DE TITULO
Título La canción del manzano /
Mención de responsabilidad Jaroslav Seifert ; ilustraciones Josef Palecek ; traducción Emilio Ortega
250 ## - MENCIÓN DE EDICION
Mención de edición 2a. ed.
260 ## - PUBLICACIÓN, DISTRIBUCIÓN, ETC. (PIE DE IMPRENTA)
Lugar de publicación, distribución, etc Madrid :
Nombre del editor, distribuidor, etc. SM,
Fecha de publicación, distribución, etc 1990.
300 ## - DESCRIPCIÓN FÍSICA
Extensión [24] p. :
Otros detalles físicos il. ;
Dimensiones 30 cm.
490 0# - MENCIÓN DE SERIES
Mención de serie Cuentos de la torre y la estrella
Volume/sequential designation 19
500 ## - NOTA GENERAL
Nota general Incluye datos biográficos del autor.
586 ## - AWARDS NOTE
Awards note Premio Nobel de literatura, 1984.
700 12 - ASIENTO SECUNDARIO -- NOMBRE PERSONAL
Nombre personal Palacek, Josef
Mención de responsabilidad il.
700 12 - ASIENTO SECUNDARIO -- NOMBRE PERSONAL
Nombre personal Ortega, Emilio
Mención de responsabilidad trad.
830 #0 - ASIENTO SECUNDARIO DE SERIE--TÍTULO UNIFORME
Título uniforme Cuentos de la torre y la estrella
Número de la parte o sección de una obra 19
942 ## - ADDED ENTRY ELEMENTS (KOHA)
Source of classification or shelving scheme Dewey Decimal Classification
Koha item type Libros
945 ## - INFORMACIÓN DE PROCESAMIENTO LOCAL
Información de procesamiento local Inventariado, 2018 / BT
956 ## - LOCAL ELECTRONIC LOCATION AND ACCESS (OCLC)
Método de acceso YLOCKWARD
Materiales especificados 10
Campo enlazado y núm. de secuencia BPMSU
Nombre de host 00144
Existencias
Withdrawn status Lost status Source of classification or shelving scheme Damaged status Not for loan Collection code Home library Current library Date acquired Source of acquisition Total Checkouts Full call number Barcode Date last seen Price effective from Koha item type
    Dewey Decimal Classification     Colección Infantil General Biblioteca Pública Metropolitana Salomé Ureña Biblioteca Pública Metropolitana Salomé Ureña 01/17/2017 Agencia de Cooperación Internacional del Japón   xxxxxx xxxxxx BPMSU17010718 01/17/2017 01/17/2017 Libros